000
00247nam a22001097a 4500
082
_a
823/SHE
100
_a
Shenoi,Saratchandra
_9
83993
245
_a
Inner voice
260
_a
New delhi
_b
Sahitya akademi
_c
2021
650
_a
Poem
_9
27793
942
_c
BK
999
_c
69011
_d
69011